Normal view
MARC view
- Duyff, Roberta Larson
Entry Personal Name
001 - CONTROL NUMBER
- control field: 63699
003 - CONTROL NUMBER IDENTIFIER
- control field: NUST
005 - DATE AND TIME OF LATEST TRANSACTION
- control field: 20210628203148.0
008 - FIXED-LENGTH DATA ELEMENTS
- fixed length control field: 210628|| aca||aabn | a|a d
040 ## - CATALOGING SOURCE
- Original cataloging agency: NUST
- Transcribing agency: NUST
100 ## - HEADING--PERSONAL NAME
- Personal name: Duyff, Roberta Larson
670 ## - SOURCE DATA FOUND
- Source citation: Work cat.: (NUST): Duyff, Roberta Larson, American dietetic association complete food and nutrition guide , 2007
